000
00254nam a2200085Ia 4500
008
170620s9999 xx 000 0 und d
100
_a
Kumari- Chodavarapu Jalaja
245
0
_a
Methods of Teaching Education Technology
260
_b
New Delhi- Discovery Publishing House
260
_c
2006
999
_c
24449
_d
24449